Diccionario de celebridades musicales
Na minha lista:
| Autor principal: | |
|---|---|
| Formato: | Livro |
| Idioma: | espanhol |
| Publicado em: |
Barcelona
Ramón Sopena
1978
|
| Edição: | 1a. ed |
| Assuntos: | |
| Tags: |
Adicionar Tag
Sem tags, seja o primeiro a adicionar uma tag!
|
MARC
| LEADER | 00000nam a2200000 a 4500 | ||
|---|---|---|---|
| 001 | UCI6457 | ||
| 003 | CL-VaPUC | ||
| 005 | 20240628151638.0 | ||
| 008 | 080509e19780000SP |||||||||||||||||spa|d | ||
| 999 | |c 329968 |d 329966 | ||
| 020 | |a 8430302050 | ||
| 040 | |c Pontificia Universidad Católica de Valparaíso | ||
| 082 | 0 | 4 | |a 780.92 |b MAN |2 21 |
| 100 | |a Manén Planas, Juan |e autor |9 529390 | ||
| 245 | 1 | 0 | |a Diccionario de celebridades musicales |
| 250 | |a 1a. ed | ||
| 260 | |a Barcelona |b Ramón Sopena |c 1978 | ||
| 300 | |a 669 p | ||
| 583 | |a last modification |c 20160824 03:08:41 |k Rodrigo Vera | ||
| 600 | 0 | |a Beethoven, Ludwig van |d 1770-1827 |e compositor |9 306286 | |
| 600 | 0 | |a Debussy, Claude |9 267200 | |
| 600 | 0 | |a Mozart, Wolfgang Amadeus |d 1756-1791 |9 869087 | |
| 600 | 0 | |a Paganini, Niccolò |2 CL-VaPUC |9 627748 | |
| 600 | 0 | |a Schubert, Franz |2 CL-VaPUC |9 306681 | |
| 650 | 0 | |a Diccionarios |9 256200 | |
| 650 | 0 | |a Música |9 306269 | |
| 650 | 0 | |a Compositores |9 306451 | |
| 650 | 0 | |a Músicos |9 306340 | |
| 650 | 0 | |a Biografías |9 255210 | |
| 942 | |c BK |2 ddc | ||
| 945 | |d 20080509 00:00:00 |a cmena | ||